000 00822cam a2200277 i 4500
001 1455
003 BD-RjUL
005 20211208233336.0
008 131125s1979 ilua b 001 0 eng
020 _a0875812341
035 _a(BD-RjUL) 1478
040 _aDLC
_cDLC
_dDLC
_dBD-RjUL
_beng
041 _aeng
082 0 0 _a616.89140926
_bGRE 1979
245 0 0 _aGreat cases in psychotherapy /
_cedited by Dan Wedding & Raymond J. Corsini.
260 _aItasca, Ill. :
_bF. E. Peacock Publishers,
_c1982.
300 _axiv, 314 p. :
_bill. ;
_c23 cm.
500 _aIncludes index.
504 _aBibliography: p. 307-309.
650 0 _aPsychotherapy
_xCase studies.
_94169
700 1 _aWedding, Danny.
_94317
700 1 _aCorsini, Raymond J.
_94318
942 _2ddc
_cBK
999 _c1455
_d1455